| 000 | 00796nam a2200205 i 4500 | ||
|---|---|---|---|
| 001 | 51805 | ||
| 003 | ES-MaACL | ||
| 005 | 20250905123707.0 | ||
| 007 | t| | ||
| 008 | 030819s1926 sp ||||1| spa d | ||
| 100 | 1 |
_aDanz, E. _942679 |
|
| 245 | 1 | 3 |
_aLa interpretación de los negocios jurídicos (contratos, testamentos, etc.) _b: estudio sobre la cuestión de derecho y la cuestión de hecho / _cE. Danz ; traducción alemana y concordancia con el derecho español por W. Roces. |
| 260 |
_aMadrid : _b[s.n.], _c1926 ( _fBlass) |
||
| 300 |
_a382 p. ; _c25 cm. |
||
| 490 | 1 |
_aRevista de Derecho Privado. Serie B ; _v2 |
|
| 700 | 1 |
_aRoces, Wenceslao, _d1897-1992 _998039 |
|
| 830 | 0 | 0 |
_aRevista de derecho privado _v2 _9232247 |
| 852 |
_aES-MaACL _jF-3266 |
||
| 999 |
_c51805 _d51805 |
||